The World book year book. Year book. / (Record no. 25523)
[ view plain ]
| 000 -LEADER | |
|---|---|
| fixed length control field | 00425nam a22001577a 4500 |
| 003 - CONTROL NUMBER IDENTIFIER | |
| control field | Ost |
| 005 - DATE AND TIME OF LATEST TRANSACTION | |
| control field | 20140310183626.0 |
| 008 - FIXED-LENGTH DATA ELEMENTS--GENERAL INFORMATION | |
| fixed length control field | 131025b xxu||||| |||| 00| 0 eng d |
| 020 ## - INTERNATIONAL STANDARD BOOK NUMBER | |
| International Standard Book Number | 0716667983 |
| 050 ## - LIBRARY OF CONGRESS CALL NUMBER | |
| Classification number | AE 5 |
| Item number | .W66 1998 |
| 245 ## - TITLE STATEMENT | |
| Title | The World book year book. Year book. / |
| 260 ## - PUBLICATION, DISTRIBUTION, ETC. (IMPRINT) | |
| Place of publication, distribution, etc | London : |
| Name of publisher, distributor, etc | World Book International, |
| Date of publication, distribution, etc | 1998. |
| 300 ## - PHYSICAL DESCRIPTION | |
| Extent | 448 p. : |
| Other physical details | ill. (col.) ; |
| Dimensions | 25 cm. |
| 942 ## - ADDED ENTRY ELEMENTS (KOHA) | |
| Source of classification or shelving scheme | Library of Congress Classification |
| Koha item type | Books |
| Withdrawn status | Lost status | Source of classification or shelving scheme | Materials specified (bound volume or other part) | Damaged status | Home library | Current library | Shelving location | Date acquired | Total Checkouts | Full call number | Barcode | Date last seen | Copy number | Price effective from | Koha item type |
|---|---|---|---|---|---|---|---|---|---|---|---|---|---|---|---|
| Library of Congress Classification | Year Book 1998 | College Library | College Library | Reference Section | 10/25/2013 | AE 5 .W66 1998 | C3463 | 05/15/2018 | 1 | 10/25/2013 | Books | ||||
| Library of Congress Classification | Year Book 1997 | College Library | College Library | Reference Section | 10/25/2013 | AE 5 .W66 1997 | C3464 | 05/15/2018 | 1 | 10/25/2013 | Books |